000 00774cam a22002054a 4500
001 13598369
005 20260420115730.0
008 040519s2005 njua b 001 0 eng
020 _a013143408X
050 0 0 _aHG4028.C4
_bC3 2005
082 0 0 _a658.15/242
_222
245 0 0 _aCapital investment analysis for engineering and management /
_cJohn R. Canada ... [et al.].
250 _a3rd ed.
260 _aUpper Saddle River, NJ :
_bPearson Prentice Hall,
_c2005.
300 _avii, 616 p. :
_bill. ;
_c24 cm.
500 _aRev. ed. of: Capital investment analysis for engineering and management / John R. Canada, William G. Sullivan, JOhn A. White. 2nd ed. c1996.
650 0 _aCapital investments
_xEvaluation.
700 1 _aCanada, John R.
942 _2lcc
_cBK
_e3rd ed.
_n0
999 _c9270
_d9270